Flags of Italian Regions - Statistics

General Stats
  • This quiz has been taken 86 times
  • The average score is 11 of 20
Answer Stats
Picture Answer % Correct
Veneto
83%
Lombardy
81%
Sicily
81%
Sardinia
77%
Liguria
67%
Emilia-Romagna
65%
Campania
58%
Lazio
58%
Marche
56%
Molise
54%
Basilicata
48%
Piedmont
48%
Tuscany
48%
Umbria
46%
Abruzzo
44%
Aosta Valley
44%
Apulia
40%
Calabria
40%
Friuli-Venezia Giulia
37%
Trentino-South Tyrol
27%
No matching quizzes found
Score Distribution
Percent of People with Each Score
Percentile by Number Answered
Your Score History
You have not taken this quiz